[Event "ICS Rated blitz match"]
[Site "207.99.83.227"]
[Date "1999.04.20"]
[Round "?"]
[White "nimraz"]
[Black "Hossa"]
[Result "0-1"]
[WhiteElo "2332"]
[BlackElo "2578"]
[PlyCount "72"]

1. e4 e5 2. Nf3 Nc6 3. Nc3 Bb4 4. Bc4 Nf6 5. O-O O-O 6. Nd5 d6 7. Nxb4 Nxb4 8.
d4 Bg4 9. c3 Bxf3 10. Qxf3 Nc6 11. Rd1 exd4 12. cxd4 Qe7 13. Bd5 Nxd5 14. exd5
Nxd4 15. Qd3 Ne2+ 16. Kf1 Nxc1 17. Raxc1 Qd7 18. Rc4 Rae8 19. Qc3 Re7 20. Rc1
Rc8 21. Rf4 Qb5+ 22. Rc4 Qxd5 23. h3 c6 24. Rd4 Qe6 25. Kg1 Rce8 26. Rcd1 d5
27. b4 Qe2 28. Qc5 Qxa2 29. b5 Re1+ 30. Rxe1 Rxe1+ 31. Kh2 Qxf2 32. bxc6 Qg1+
33. Kg3 Re3+ 34. Kh4 Qf2+ 35. Kg5 Qg3+ 36. Rg4 36... Re5# {nimraz checkmated}
0-1

[Event "ICS Rated bullet match"]
[Site "207.99.83.227"]
[Date "1999.04.20"]
[Round "?"]
[White "JSBach"]
[Black "Hossa"]
[Result "0-1"]
[WhiteElo "2195"]
[BlackElo "2417"]
[PlyCount "124"]

1. d4 Nf6 2. Bf4 d5 3. Qd3 Na6 4. Nf3 e6 5. Nc3 Bb4 6. O-O-O O-O 7. a3 Bd6 8.
Ne5 Nh5 9. Be3 c5 10. Bd2 Qh4 11. Be3 Bxe5 12. dxe5 d4 13. Qc4 Qe7 14. Bxd4
cxd4 15. Qxd4 f6 16. e4 fxe5 17. Qxe5 Qc5 18. Qxc5 Nxc5 19. b4 Nd7 20. Bc4 Ne5
21. Be2 Nf4 22. Bf1 Nfg6 23. Rd2 a5 24. b5 Bd7 25. Kb2 Rfd8 26. Bd3 Nf4 27. g3
Nfxd3+ 28. cxd3 Be8 29. Kc2 Nf3 30. Rdd1 Nd4+ 31. Kc1 Rac8 32. Kb2 Bxb5 33. a4
Ba6 34. f4 Nf3 35. Kc2 Rd4 36. Rhf1 Nxh2 37. Rf2 Ng4 38. Rf3 Rxa4 39. Kd2 Rb4
40. Kc2 Bb5 41. Rc1 Ba4+ 42. Kd2 Rb2+ 43. Ke1 b5 44. f5 b4 45. Na2 Re8 46. Ra1
Ne5 47. Re3 exf5 48. Nc1 Rc2 49. Rxa4 Rxc1+ 50. Kd2 Rec8 51. Re2 R8c2+ 52. Ke3
Ng4+ 53. Kd4 Rxe2 54. Rxa5 fxe4 55. Ra8+ Kf7 56. Ra7+ Kg6 57. Ra6+ Nf6 58. Rb6
Rd2 59. Rxb4 Rxd3+ 60. Ke5 Rd5+ 61. Kf4 Rc3 62. Rb7 62... Rf3# {
JSBach checkmated} 0-1

[Event "ICS Rated blitz match"]
[Site "207.99.83.227"]
[Date "1999.04.20"]
[Round "?"]
[White "Hossa"]
[Black "TDChess"]
[Result "0-1"]
[WhiteElo "2567"]
[BlackElo "2653"]
[Annotator "Crafty v16.6"]
[PlyCount "112"]

{annotating for player ossa  using a scoring margin of +0.10 pawns.  search
time limit is 10.00} 1. e4 1... e6 2. Nf3 d5 3. Nc3 ({8:+0.11} 3. Nc3 3... d4
4. Ne2 Nc6 5. c3 Nf6 6. e5 d3 7. exf6 dxe2 8. Bxe2 8... Qxf6 $10) ({8:+0.89} 3.
exd5 3... Qxd5 4. Nc3 Qd6 5. Be2 Nf6 6. Nb5 Qf4 7. O-O $16) 3... Nf6 4. e5 ({
8:-0.09} 4. e5 4... Nfd7 5. Bb5 c6 6. Be2 Bc5 7. O-O 7... O-O $10) ({8:+0.21} 
4. exd5 4... exd5 5. Be2 Bd6 6. O-O O-O 7. Re1 Nc6 8. Ng5 $10) 4... Ne4 5. Bd3
Nxc3 6. dxc3 Be7 7. O-O O-O 8. Bf4 Nc6 9. Nd4 Bd7 10. Qh5 ({8:+0.17} 10. Qh5
10... h6 11. Ne2 Be8 12. Qg4 Bg5 13. Rad1 13... Bd7 $10) ({8:+0.31} 10. Qg4
10... Re8 11. Nxc6 Bxc6 12. Rad1 Bc5 13. Qh5 h6 14. Be4 $14) 10... g6 11. Qg4
Na5 12. Bh6 f5 13. Qf4 Re8 14. Rad1 c5 15. Nf3 c4 16. Be2 Qc7 17. Bg5 Bxg5 18.
Qxg5 Nc6 19. Qh6 Nxe5 20. Nxe5 Qxe5 21. Bxc4 Rac8 22. Bb3 f4 23. Rfe1 Qf6 24.
Rd4 Rf8 25. Ba4 b5 26. Bb3 a5 27. a3 f3 28. Rh4 Qh8 29. g4 a4 30. Ba2 Rf7 31.
Kh1 Qf6 32. g5 Qf5 33. Bb1 e5 34. Rd1 e4 35. Ba2 Bc6 36. Rf1 e3 37. Bb1 Re8 38.
Rd4 e2 39. Re1 Re5 40. Qh4 Qxg5 41. Qg4 Qxg4 42. Rxg4 g5 43. Rd4 Rf4 44. Rd3
Re6 45. Ba2 Rh6 46. Bxd5+ Bxd5 47. Rd4 Rfh4 48. Rxh4 gxh4 49. b3 Bxb3 50. h3
Rd6 51. Rg1+ Kh8 52. cxb3 Rd1 53. Kh2 Rxg1 54. Kxg1 e1=Q+ 55. Kh2 Qxf2+ 56. Kh1
Qg2# 0-1

[Event "ICS Rated blitz match"]
[Site "207.99.83.227"]
[Date "1999.04.20"]
[Round "?"]
[White "JudgeTurpin"]
[Black "Hossa"]
[Result "1-0"]
[WhiteElo "2485"]
[BlackElo "2555"]
[Annotator "Crafty v16.6"]
[PlyCount "104"]

{annotating for player ossa  using a scoring margin of +0.10 pawns.  search
time limit is 10.00} 1. e4 1... d6 2. d4 Nf6 3. Nc3 Nbd7 4. f4 Nb6 5. e5 Nfd7 (
{8:-0.27} 5... Nfd7 6. Nf3 e6 7. Bd3 dxe5 8. fxe5 Be7 9. Bf4 9... O-O $10) ({
8:+0.09} 5... dxe5 6. fxe5 Nfd5 7. Nge2 Bg4 8. Nxd5 Nxd5 9. Bg5 f6 10. exf6
10... exf6 $10) 6. Nf3 e6 7. Bd3 d5 ({8:-0.59} 7... d5 8. Ng5 c5 9. Be3 cxd4
10. Bxd4 g6 11. Qg4 11... Bb4 $14) ({8:-0.34} 7... Be7 8. Qe2 c5 9. exd6 Bxd6
10. f5 Nf6 11. Bb5+ Bd7 12. Bg5 $14) 8. f5 exf5 9. O-O Nb8 10. Be3 Bb4 ({
8:+0.20} 10... Bb4 11. Bg5 Be7 12. Bxe7 Qxe7 13. Qd2 O-O 14. Ne1 14... Qb4 $10)
({8:+0.33} 10... Nc6 11. Qc1 Nb4 12. Be2 Nc4 13. Bg5 Be7 14. Nb5 $15) 11. Qd2
Nc6 12. Rae1 O-O 13. Bg5 Qe8 14. a3 Bxc3 15. Qxc3 Bd7 16. b3 h6 17. Bd2 Qe7 18.
Qb2 Rae8 19. Bb5 Qe6 20. Bxc6 Bxc6 21. Bb4 f4 22. Qc1 Bb5 23. Rf2 Qg4 24. h3
Qg3 25. Nh2 f3 26. a4 Be2 27. Qe3 Qh4 28. Bxf8 Rxf8 29. a5 Nc8 30. Nxf3 Bxf3
31. Rxf3 c6 32. Qf2 Qe7 33. a6 bxa6 34. Ra1 Qb7 35. Rf1 Qe7 36. Qe2 c5 37. e6
f6 38. Rf5 Qd6 39. Ra1 cxd4 40. Rxa6 Qc5 41. Rf2 Ne7 42. Kh2 Rb8 43. Qd3 Nc6
44. Qg3 Rc8 45. Rxf6 Qxc2 46. Rf7 g5 47. Rxc6 Rxc6 48. Qe5 Qxg2+ 49. Kxg2 Rc2+
50. Kf3 g4+ 51. hxg4 Rc3+ 52. Kf4 Rf3+ 1-0

[Event "ICS rated blitz match"]
[Site "207.99.83.227"]
[Date "1999.04.20"]
[Round "?"]
[White "Destructor"]
[Black "Hossa"]
[Result "1/2-1/2"]
[WhiteElo "2266"]
[BlackElo "2536"]
[PlyCount "84"]

1. d4 Nf6 2. Nf3 e6 3. e3 Be7 4. Bd3 O-O 5. O-O d5 6. c4 Nc6 7. Nc3 Nb4 8. Be2
c5 9. a3 Nc6 10. dxc5 Bxc5 11. b4 Bb6 12. Bb2 d4 13. exd4 Nxd4 14. Nxd4 Bxd4
15. Na4 Bxb2 16. Nxb2 Qe7 17. c5 Rd8 18. Qc2 Nd5 19. Rfe1 a5 20. Qb3 axb4 21.
axb4 Rxa1 22. Rxa1 Qh4 23. Bc4 Ne7 24. Rd1 Nc6 25. b5 Rxd1+ 26. Qxd1 Nd4 27.
Bf1 e5 28. Nc4 Nxb5 29. Nb6 Bg4 30. f3 Qe7 31. Bxb5 Qxc5+ 32. Kh1 Qxb6 33. fxg4
e4 34. Bc4 Qc7 35. Bd5 e3 36. Bf3 b5 37. h3 b4 38. Qd3 Qc1+ 39. Kh2 Qc7+ 40.
Kh1 Qc1+ 41. Kh2 Qc7+ 42. Kh1 42... Qc1+ {Game drawn by repetition} 1/2-1/2

[Event "ICS rated blitz match"]
[Site "207.99.83.227"]
[Date "1999.04.20"]
[Round "?"]
[White "Hossa"]
[Black "champion-10"]
[Result "0-1"]
[WhiteElo "2526"]
[BlackElo "2182"]
[Annotator "Crafty v16.6"]
[PlyCount "106"]

{annotating for player ossa  using a scoring margin of +0.10 pawns.  search
time limit is 10.00} 1. e4 1... c6 2. Nc3 d5 3. exd5 cxd5 4. Bb5+ Bd7 5. Bxd7+
({8:+0.38} 5. Bxd7+ 5... Qxd7 6. Nf3 Nc6 7. O-O e6 8. Nh4 f5 9. Qh5+ Qf7 10.
Qxf7+ Kxf7 11. a4 $14) ({8:+0.60} 5. Nf3 5... e6 6. Qe2 a6 7. Bxd7+ Qxd7 8. Ne5
Qc7 9. Qh5 9... Nc6 $14) 5... Qxd7 6. Nf3 Nc6 7. d3 ({9:+0.13} 7. d3 7... e6 8.
Ne2 Bb4+ 9. c3 Bd6 10. O-O f5 11. c4 Nf6 12. cxd5 12... Nxd5 $10) ({9:+0.28} 7.
O-O 7... e6 8. Qe2 Bd6 9. Nb5 f5 10. c4 Nf6 11. cxd5 11... Nxd5 $10) 7... e6 8.
O-O Nf6 9. Bg5 Be7 10. Qd2 ({8:+0.00} 10. Qd2 10... O-O 11. Rae1 d4 12. Ne4
Nxe4 13. Rxe4 Bxg5 14. Qxg5 14... Rac8 $10) ({8:+0.12} 10. Re1 10... O-O 11. d4
Qd8 12. Qd2 Rc8 13. Ne5 13... Qd6 $10) 10... O-O 11. Rae1 Rfe8 12. Qf4 h6 13.
Bxh6 gxh6 14. Qxh6 Nh7 15. Ne5 Nxe5 16. Rxe5 Bf8 17. Qh3 Bg7 18. Rxd5 Qc6 19.
Rh5 Nf6 20. Rg5 Red8 21. Qh6 Ne8 22. Qh4 Rac8 23. Rg4 Qb6 24. Rb4 Qa6 25. Qg4
Nf6 26. Qg3 Qc6 27. Rc4 Qd7 28. Rh4 Qd6 29. Qg5 Rc5 30. Qe3 a6 31. Qf3 b5 32.
a4 Rf5 33. Qh3 b4 34. Nd1 Nd5 35. Rg4 Nf4 36. Qh6 Ng6 37. Qc1 Rh5 38. Rg3 Be5
39. f4 Bd4+ 40. Kh1 Kg7 41. Rg5 Rxg5 42. fxg5 Rh8 43. h3 Qg3 44. Rf2 Bxf2 45.
Nxf2 Qxf2 46. b3 Nf4 47. Qxf4 Qxf4 48. d4 Qg3 49. g6 e5 50. gxf7 exd4 51. Kg1
Kxf7 52. Kh1 Re8 53. c4 Re1# 0-1

[Event "ICS rated blitz match"]
[Site "207.99.83.227"]
[Date "1999.04.20"]
[Round "?"]
[White "Destructor"]
[Black "Hossa"]
[Result "0-1"]
[WhiteElo "2319"]
[BlackElo "2498"]
[PlyCount "36"]

1. d4 Nf6 2. Nf3 e6 3. e3 Be7 4. c4 d5 5. Nc3 O-O 6. Bd3 dxc4 7. Bxc4 c5 8. O-O
Nc6 9. a3 cxd4 10. exd4 Bd7 11. Re1 Rc8 12. Qd3 Na5 13. Ba2 Qb6 14. Ne5 Be8 15.
Bg5 Qxb2 16. Ne4 Nxe4 17. Bxe7 Qxf2+ 18. Kh1 18... Qxe1+ {Destructor resigns}
0-1

[Event "ICS rated blitz match"]
[Site "207.99.83.227"]
[Date "1999.04.20"]
[Round "?"]
[White "Hossa"]
[Black "inmortal"]
[Result "1-0"]
[WhiteElo "2506"]
[BlackElo "2495"]
[PlyCount "37"]

1. e4 e5 2. Nf3 Nc6 3. Bc4 Nf6 4. Ng5 d5 5. exd5 Na5 6. Bb5+ c6 7. dxc6 bxc6 8.
Bd3 Bd6 9. Nc3 O-O 10. O-O c5 11. Nce4 c4 12. Nxf6+ Qxf6 13. Bxh7+ Kh8 14. Be4
Rb8 15. Qh5+ Qh6 16. Nxf7+ Rxf7 17. Qxf7 Bg4 18. Qxa7 Rf8 19. Qxa5 {
inmortal resigns} 1-0

[Event "ICS rated bullet match"]
[Site "207.99.83.227"]
[Date "1999.04.20"]
[Round "?"]
[White "Hossa"]
[Black "jo"]
[Result "1-0"]
[WhiteElo "2424"]
[BlackElo "2187"]
[PlyCount "57"]

1. e4 c5 2. Bc4 e6 3. Nc3 a5 4. Nf3 Nc6 5. d3 Nd4 6. Be3 Qf6 7. Bxd4 cxd4 8.
Nb5 Bb4+ 9. Kf1 Qd8 10. Nbxd4 h5 11. Rg1 h4 12. c3 Be7 13. Qd2 g6 14. h3 b6 15.
Re1 Bb7 16. Bb5 Qc7 17. e5 O-O-O 18. b4 axb4 19. cxb4 Bc6 20. Rc1 Kb7 21. Bxc6+
dxc6 22. Nxc6 Qxc6 23. Rxc6 Kxc6 24. Qf4 Nh6 25. b5+ Kb7 26. Qa4 Ra8 27. Qe4+
Ka7 28. Nd4 Rae8 29. Nc6+ {jo resigns} 1-0

[Event "ICS rated blitz match"]
[Site "207.99.83.227"]
[Date "1999.04.20"]
[Round "?"]
[White "distracted"]
[Black "Hossa"]
[Result "0-1"]
[WhiteElo "2200"]
[BlackElo "2503"]
[PlyCount "72"]

1. e4 e5 2. f4 exf4 3. Nf3 Bb4 4. Bc4 Qe7 5. O-O Qc5+ 6. d4 Qxc4 7. Bxf4 Nf6 8.
Ne5 Qb5 9. Nxf7 Kxf7 10. Bxc7 d6 11. e5 dxe5 12. Bxb8 Rxb8 13. Nc3 Bxc3 14.
bxc3 Re8 15. Rb1 Qc6 16. Qh5+ Kg8 17. Rxf6 gxf6 18. Rf1 Bd7 19. Rf3 e4 20. Rg3+
Kh8 21. Qh6 Rg8 22. Re3 Rg6 23. Qf4 Rbg8 24. g3 f5 25. Qe5+ R6g7 26. d5 Qb6 27.
Kf2 Qa6 28. c4 Qxc4 29. Rc3 Qxa2 30. Rc7 Re8 31. Qf6 e3+ 32. Kg2 Qxd5+ 33. Kh3
e2 34. Rxd7 Qxd7 35. Qxg7+ Qxg7 36. c4 36... e1=N {distracted resigns} 0-1

[Event "ICS rated blitz match"]
[Site "207.99.83.227"]
[Date "1999.04.20"]
[Round "?"]
[White "Hossa"]
[Black "Prof-Moriarty"]
[Result "1/2-1/2"]
[WhiteElo "2503"]
[BlackElo "2250"]
[PlyCount "113"]

1. e4 c5 2. Bc4 e6 3. Nc3 Nc6 4. Nf3 d6 5. d4 cxd4 6. Nxd4 Nf6 7. O-O Be7 8.
Bb5 Bd7 9. Nxc6 bxc6 10. Bc4 O-O 11. Qd4 d5 12. Bd3 c5 13. Qe5 Qb8 14. Bf4 Qxe5
15. Bxe5 d4 16. Ne2 Bc6 17. Rae1 Nd7 18. Bc7 Nb6 19. b3 Rac8 20. Bf4 f6 21. e5
f5 22. Bd2 Nd5 23. Bc4 Rcd8 24. Kh1 g5 25. Ba5 Rde8 26. c3 dxc3 27. Nxc3 Bd8
28. Bxd8 Rxd8 29. Ne2 Kf7 30. Rc1 Nb6 31. Ba6 Rd2 32. Rxc5 Rxa2 33. Rxc6 Rxa6
34. Nd4 Re8 35. Nb5 Re7 36. Nd6+ Kg6 37. Nc8 Re8 38. Nxa7 Rxa7 39. Rxb6 Ra5 40.
Re1 f4 41. b4 Ra2 42. Kg1 Kf5 43. b5 Rd8 44. Rb7 Rdd2 45. Rf7+ Kg4 46. h3+ Kh5
47. Rf1 h6 48. Rf6 Rab2 49. Rxe6 Rxb5 50. g4+ fxg3 51. fxg3 Rbb2 52. Ra1 Rg2+
53. Kf1 Rgf2+ 54. Kg1 Rg2+ 55. Kf1 Rgf2+ 56. Kg1 Rg2+ 57. Kf1 {
Game drawn by repetition} 1/2-1/2

[Event "ICS rated blitz match"]
[Site "207.99.83.227"]
[Date "1999.04.20"]
[Round "?"]
[White "Prof-Moriarty"]
[Black "Hossa"]
[Result "1/2-1/2"]
[WhiteElo "2260"]
[BlackElo "2493"]
[PlyCount "290"]

1. d4 Nf6 2. Nf3 e6 3. e3 Be7 4. Bd3 O-O 5. Nbd2 d5 6. O-O c5 7. b3 Nc6 8. Bb2
cxd4 9. exd4 Qc7 10. a3 Bd7 11. Qe2 Qf4 12. g3 Qg4 13. Ne5 Qh3 14. Nxc6 Bxc6
15. f3 Rac8 16. Qg2 Qxg2+ 17. Kxg2 h5 18. Rfe1 h4 19. Kf2 Bd6 20. Nf1 h3 21.
Ne3 Nh7 22. f4 Nf6 23. Rac1 Ne4+ 24. Bxe4 dxe4 25. c4 Rcd8 26. b4 Ba4 27. Ng4
f5 28. Ne5 Be8 29. Ke3 Bh5 30. c5 Bxe5 31. fxe5 Bf3 32. b5 Rd5 33. a4 Rc8 34.
c6 Rc7 35. cxb7 Rxb7 36. Rc8+ Kf7 37. Rec1 Re7 38. R1c7 Red7 39. Rxd7+ Rxd7 40.
Ba3 Bd1 41. a5 Rb7 42. Rc5 Ba4 43. a6 Rxb5 44. Rxb5 Bxb5 45. Bc5 g5 46. Bxa7 g4
47. Bc5 Bxa6 48. Bb6 Ke7 49. Ba5 Bc4 50. Bd2 Bd5 51. Kf4 Kd7 52. Be3 Kc6 53.
Bf2 Kb5 54. Ke3 Ka4 55. Be1 Bb7 56. Bd2 Kb5 57. Bc3 Bc6 58. Bd2 Bd5 59. Be1 Bc4
60. Bd2 Ka4 61. Be1 Bd5 62. Bd2 Ba8 63. Be1 Kb3 64. Bd2 Bd5 65. Ba5 Bc6 66. Bd8
Bb7 67. Bg5 Bd5 68. Bf4 Kc3 69. Bg5 Kc4 70. Bf4 Kb5 71. Bg5 Kb4 72. Bf4 Kc4 73.
Bg5 Kc3 74. Bf4 Kb4 75. Bg5 Kb5 76. Bf4 Kc6 77. Bg5 Kc7 78. Bf4 Kd7 79. Bg5 Bb3
80. Bf4 Kc7 81. Bg5 Kb6 82. Bf4 Bd5 83. Bg5 Ka5 84. Bf4 Ba8 85. Bg5 Kb4 86. Bf4
Kb3 87. Bg5 Bb7 88. Bf4 Bd5 89. Bg5 Ba8 90. Bf4 Kc2 91. Bg5 Bb7 92. Bf4 Kc3 93.
Bg5 Kc4 94. Bf4 Bc6 95. Bg5 Ba8 96. Bf4 Bb7 97. Bg5 f4+ 98. Bxf4 Kd5 99. Bg5
Ba6 100. Bf4 Bc4 101. Bg5 Bd3 102. Bf4 Ba6 103. Bg5 Bc4 104. Bf4 Bd3 105. Bg5
Bb5 106. Bf4 Bc6 107. Bg5 Ba4 108. Bf4 Be8 109. Bg5 Bc6 110. Bf4 Ba4 111. Bg5
Be8 112. Bf4 Bg6 113. Bg5 Bf5 114. Bf4 Kc4 115. Bg5 Kc3 116. Bf4 Bh7 117. Bg5
Bg6 118. Bf4 Kc4 119. Bg5 Kd5 120. Bf4 Bh7 121. Bg5 Kc4 122. Bf4 Kb5 123. Bg5
Kb4 124. Bf4 Bf5 125. Bg5 Kb5 126. Bf4 Bg6 127. Bg5 Bh7 128. Bf4 Kc6 129. Bg5
Bg6 130. Bf4 Bf5 131. Bg5 Kd5 132. Bf4 Kc4 133. Bg5 Kc3 134. Bf4 Bg6 135. Bg5
Bh7 136. Bf4 Bf5 137. Bg5 Kc4 138. Bf4 Kd5 139. Bg5 Bh7 140. Bf4 Bg8 141. Bg5
Bf7 142. Bf4 Bg8 143. Bg5 Bf7 144. Bf4 Bg8 145. Bg5 145... Bf7 {
Game drawn by repetition} 1/2-1/2

[Event "ICS rated bullet match"]
[Site "207.99.83.227"]
[Date "1999.04.20"]
[Round "?"]
[White "Hossa"]
[Black "CasaNueva"]
[Result "1-0"]
[WhiteElo "2431"]
[BlackElo "2150"]
[PlyCount "47"]

1. e4 c5 2. Bc4 g6 3. Nf3 Bg7 4. O-O Nc6 5. d3 e6 6. Nc3 Nge7 7. Bg5 h6 8. Be3
Nd4 9. Bxd4 cxd4 10. Nb5 d5 11. exd5 exd5 12. Bb3 Nc6 13. Qe2+ Be6 14. Bxd5 O-O
15. Bxe6 fxe6 16. Qxe6+ Kh7 17. Na3 Rxf3 18. gxf3 Qg5+ 19. Qg4 Ne5 20. Qxg5
Nxf3+ 21. Kg2 Nxg5 22. Rae1 Rc8 23. Re7 Rxc2 24. Nxc2 {CasaNueva resigns} 1-0

[Event "ICS rated blitz match"]
[Site "207.99.83.227"]
[Date "1999.04.20"]
[Round "?"]
[White "Hossa"]
[Black "PeakPower"]
[Result "1-0"]
[WhiteElo "2490"]
[BlackElo "2373"]
[PlyCount "62"]

1. e4 e6 2. Nf3 d5 3. exd5 exd5 4. Bb5+ c6 5. Qe2+ Be7 6. Ba4 Bg4 7. O-O Qa5 8.
Bb3 Nf6 9. d3 Kd8 10. Re1 Re8 11. Bd2 Qc7 12. Bg5 Nbd7 13. c4 h6 14. Bh4 Nc5
15. Bxf6 gxf6 16. Qe3 Bf5 17. Nd4 Bg6 18. Bc2 Qb6 19. b3 Qa5 20. cxd5 cxd5 21.
Nd2 Qc3 22. Rac1 Qb2 23. Bb1 Rc8 24. Rc2 Qa1 25. b4 Bxd3 26. Rxc5 Rxc5 27. bxc5
Bxb1 28. Nxb1 Qb2 29. Nc3 Qb4 30. c6 f5 31. Nxd5 31... Qd6 {PeakPower resigns}
1-0

[Event "ICS rated bullet match"]
[Site "207.99.83.227"]
[Date "1999.04.20"]
[Round "?"]
[White "TDChess"]
[Black "Hossa"]
[Result "0-1"]
[WhiteElo "2476"]
[BlackElo "2436"]
[PlyCount "154"]

1. d4 Nf6 2. Nf3 e6 3. e3 Be7 4. Nc3 O-O 5. Bd3 d5 6. O-O c5 7. b3 Nc6 8. Ne5
Nb4 9. Bb5 a6 10. Be2 Qc7 11. Bb2 Bd6 12. f4 cxd4 13. exd4 b6 14. Qd2 Bb7 15.
a3 Nc6 16. Na2 Ne4 17. Qd1 Rac8 18. Bd3 Qe7 19. Nxc6 Rxc6 20. Nb4 Bxb4 21. axb4
Rcc8 22. Bxa6 Bxa6 23. Rxa6 Qc7 24. c4 Qb7 25. b5 dxc4 26. bxc4 Rxc4 27. f5
exf5 28. Qd3 Qd5 29. Rxb6 Rb4 30. Ba1 Rb3 31. Qe2 Nd6 32. Qa2 Rxb5 33. Qxd5
Rxd5 34. Rfb1 h5 35. R6b4 Kh7 36. Kh1 Re8 37. Kg1 Kg6 38. Rb6 Re3 39. Rd1 f6
40. Rc6 Ne4 41. Rdc1 f4 42. Rf1 Nd2 43. Rd1 Re2 44. Kh1 f3 45. g3 f2 46. Rcc1
Rf5 47. Rf1 Nxf1 48. Rxf1 Ra5 49. Bc3 Ra4 50. d5 Rc2 51. Ba1 Rac4 52. Kg2 Rc1
53. Bb2 Rxf1 54. Kxf1 Kf5 55. Ba3 Ke4 56. Kxf2 Rc2+ 57. Kg1 Kxd5 58. Be7 Re2
59. Ba3 g5 60. Bb4 f5 61. Bc3 Ke6 62. Ba5 f4 63. gxf4 gxf4 64. h4 Kf5 65. Bd8
f3 66. Bb6 Kg4 67. Bf2 Rxf2 68. Kxf2 Kf4 69. Ke1 Kg3 70. Kf1 Kxh4 71. Kf2 Kg4
72. Kg1 Kf4 73. Kf2 h4 74. Kg1 Ke3 75. Kh2 f2 76. Kg2 h3+ 77. Kxh3 77... f1=Q+
{TDChess resigns} 0-1

[Event "ICS rated blitz match"]
[Site "207.99.83.227"]
[Date "1999.04.20"]
[Round "?"]
[White "JUNIORE"]
[Black "Hossa"]
[Result "0-1"]
[WhiteElo "2209"]
[BlackElo "2495"]
[PlyCount "66"]

1. e4 e5 2. Nf3 Nc6 3. Bc4 Bc5 4. c3 Nf6 5. b4 Bb6 6. d3 d6 7. a4 Ng4 8. O-O
O-O 9. h3 Bxf2+ 10. Rxf2 Nxf2 11. Kxf2 Be6 12. Be3 Bxc4 13. dxc4 f5 14. exf5
Rxf5 15. Kg1 Qf6 16. Nbd2 Rf8 17. Ne4 Qf7 18. Qd5 Kh8 19. Qxf7 R5xf7 20. Rd1 b6
21. c5 dxc5 22. bxc5 Kg8 23. Nfg5 Re7 24. cxb6 axb6 25. Bc1 Ra8 26. Ba3 Ree8
27. Rd7 Rac8 28. Ng3 Red8 29. Rxd8+ Nxd8 30. Ne6 Nxe6 31. Nf5 Ra8 32. Ng3 Rxa4
33. Be7 33... Kf7 {JUNIORE resigns} 0-1

[Event "ICS rated blitz match"]
[Site "207.99.83.227"]
[Date "1999.04.20"]
[Round "?"]
[White "Hossa"]
[Black "Prof-Moriarty"]
[Result "1-0"]
[WhiteElo "2504"]
[BlackElo "2295"]
[PlyCount "49"]

1. e4 c5 2. Bc4 Nc6 3. f4 e6 4. Nc3 d6 5. Nf3 Nf6 6. Bb5 Bd7 7. d3 Be7 8. O-O
O-O 9. e5 Nd5 10. Nxd5 exd5 11. c4 Bg4 12. Be3 d4 13. Bd2 Qc7 14. Bxc6 Qxc6 15.
Nxd4 Bxd1 16. Nxc6 bxc6 17. Raxd1 d5 18. f5 Rab8 19. f6 Bd8 20. fxg7 Kxg7 21.
b3 Bc7 22. Rde1 Rbe8 23. Bg5 Rg8 24. Bf6+ Kf8 25. e6 {Prof-Moriarty resigns}
1-0

[Event "ICS rated blitz match"]
[Site "207.99.83.227"]
[Date "1999.04.20"]
[Round "?"]
[White "Prof-Moriarty"]
[Black "Hossa"]
[Result "0-1"]
[WhiteElo "2288"]
[BlackElo "2511"]
[PlyCount "56"]

1. d4 Nf6 2. Nf3 e6 3. e3 Be7 4. Bd3 O-O 5. Nbd2 d5 6. b3 c5 7. Bb2 Nc6 8. O-O
Nb4 9. Be2 cxd4 10. exd4 Qc7 11. c3 Nc6 12. Bd3 Qf4 13. Qe2 Bd7 14. Ne5 Nxe5
15. dxe5 Ne8 16. g3 Qh6 17. h4 Rc8 18. Nf3 Nc7 19. Nd4 f5 20. exf6 Bxf6 21. Bc1
g5 22. Kg2 e5 23. hxg5 Bh3+ 24. Kg1 Bxf1 25. gxh6 Bxe2 26. Nxe2 e4 27. Bc2 Nb5
28. Bd2 28... Nxc3 {Prof-Moriarty resigns} 0-1

[Event "ICS rated blitz match"]
[Site "207.99.83.227"]
[Date "1999.04.20"]
[Round "?"]
[White "Hossa"]
[Black "Chopster"]
[Result "0-1"]
[WhiteElo "2518"]
[BlackElo "2536"]
[Annotator "Crafty v16.6"]
[PlyCount "55"]

{annotating for player ossa  using a scoring margin of +0.10 pawns.  search
time limit is 10.00} 1. e4 1... c6 2. Nc3 d5 3. exd5 cxd5 4. Bb5+ Bd7 5. Bxd7+
({8:+0.38} 5. Bxd7+ 5... Qxd7 6. Nf3 Nc6 7. O-O e6 8. Nh4 f5 9. Qh5+ Qf7 10.
Qxf7+ Kxf7 11. a4 $14) ({8:+0.60} 5. Nf3 5... e6 6. Qe2 a6 7. Bxd7+ Qxd7 8. Ne5
Qc7 9. Qh5 9... Nc6 $14) 5... Qxd7 6. Nf3 Nc6 7. O-O e6 8. Nh4 ({8:+0.00} 8.
Nh4 8... Qd8 9. Nf3 9... Qd7 $10) ({8:+0.23} 8. Re1 8... Bd6 9. Nxd5 Bxh2+ 10.
Nxh2 Qxd5 11. Qg4 g6 12. Nf3 $10) 8... g5 9. Nf3 g4 10. Ne1 d4 11. Ne4 ({
9:+0.31} 11. Ne4 11... f5 12. Ng3 Bd6 13. Ne2 Nf6 14. d3 Qc7 15. Bg5 15...
Bxh2+ $14) ({9:+0.44} 11. Ne2 11... Nf6 12. d3 Bc5 13. Bh6 Nh5 14. Rc1 Qd5 15.
c3 $14) 11... f5 12. Ng3 Nf6 13. d3 Bd6 14. Bg5 Nd5 15. Qd2 h6 16. Bh4 Bf4 17.
Qe2 Qf7 18. Rd1 Bg5 19. Bxg5 hxg5 20. f3 Nf4 21. Qd2 Qh7 22. fxg4 Qxh2+ 23. Kf2
fxg4 24. Ne4 O-O 25. Rc1 Nxg2+ 26. Ke2 Ne3+ 27. Nf2 g3 28. Nf3 0-1

[Event "ICS rated bullet match"]
[Site "207.99.83.227"]
[Date "1999.04.20"]
[Round "?"]
[White "jo"]
[Black "Hossa"]
[Result "0-1"]
[WhiteElo "2183"]
[BlackElo "2460"]
[PlyCount "88"]

1. e3 Nc6 2. d3 e5 3. c4 Bb4+ 4. Nc3 Nf6 5. Bd2 d5 6. cxd5 Nxd5 7. Nf3 O-O 8.
Be2 Nf6 9. O-O Be6 10. b3 Qe8 11. a3 Bc5 12. Ng5 Bf5 13. e4 Bg6 14. Be3 Bd4 15.
Qc2 Rd8 16. Rac1 a6 17. h3 Qe7 18. Nf3 Qxa3 19. Bxd4 exd4 20. Nb1 Qa5 21. Nbd2
Rde8 22. Nc4 Qb4 23. Nh2 Kh8 24. f4 Qc5 25. f5 Bh5 26. g4 Nxe4 27. gxh5 Nb4 28.
Qd1 Nc3 29. Rxc3 dxc3+ 30. Kh1 b5 31. Na3 c2 32. Nxc2 Qxc2 33. Qxc2 Nxc2 34.
Bf3 Nd4 35. Be4 Nxb3 36. f6 gxf6 37. Rxf6 a5 38. Ng4 Nd4 39. Kg2 a4 40. Kf2 b4
41. Ke3 c5 42. Rh6 f5 43. Nf6 Rxf6 44. Rxf6 44... fxe4 {jo resigns} 0-1

[Event "ICS Rated blitz match"]
[Site "207.99.83.227"]
[Date "1999.04.20"]
[Round "?"]
[White "Prof-Moriarty"]
[Black "Hossa"]
[Result "0-1"]
[WhiteElo "2224"]
[BlackElo "2503"]
[PlyCount "74"]

1. d4 Nf6 2. Nf3 e6 3. e3 Be7 4. Bd3 O-O 5. Nbd2 d5 6. b3 c5 7. Bb2 Nc6 8. a3
cxd4 9. exd4 b6 10. O-O Bb7 11. Ne5 Rc8 12. f4 Bd6 13. Rf3 Ne4 14. Rh3 Nxe5 15.
fxe5 Bb8 16. Nf3 f6 17. exf6 Rxf6 18. Qe2 Qc7 19. Ne5 Rcf8 20. Rf3 Rxf3 21.
gxf3 Ng5 22. Qg2 Qe7 23. h4 Bxe5 24. hxg5 Bf4 25. g6 h6 26. Rf1 Be3+ 27. Kh2
Qh4+ 28. Qh3 Qf6 29. Qg4 Kh8 30. Kg2 Bc8 31. Qh5 Bxd4 32. Bxd4 Qxd4 33. Re1 Qf4
34. Qe5 Qxf3+ 35. Kg1 Rf4 36. Rf1 Qg3+ 37. Kh1 37... Rh4# {
Prof-Moriarty checkmated} 0-1

[Event "ICS rated blitz match"]
[Site "207.99.83.227"]
[Date "1999.04.20"]
[Round "?"]
[White "Hossa"]
[Black "ComputoJon"]
[Result "1-0"]
[WhiteElo "2508"]
[BlackElo "2263"]
[PlyCount "77"]

1. e4 c5 2. Bc4 e6 3. Nc3 a6 4. a4 b6 5. Nf3 Bb7 6. O-O Qc7 7. d4 cxd4 8. Qxd4
Nc6 9. Qd2 Nf6 10. Re1 d6 11. Ng5 h6 12. Nf3 Be7 13. Qe2 O-O 14. Bf4 Ne5 15.
Bxe5 dxe5 16. Red1 Bb4 17. Na2 Be7 18. Bd3 Nh5 19. g3 Nf6 20. Rd2 Rfd8 21. Rf1
Rd7 22. Rfd1 Rad8 23. Qe3 Bc5 24. Qe1 Ng4 25. h3 Nf6 26. b3 g6 27. Qe2 Kg7 28.
b4 Be7 29. c4 Nh7 30. h4 Nf6 31. Bc2 Ba8 32. Rxd7 Rxd7 33. Rxd7 Qxd7 34. Qe3
Qb7 35. Nxe5 Nxe4 36. Qf4 Bf6 37. Ng4 h5 38. Bxe4 Qxe4 39. Qh6+ {
ComputoJon resigns} 1-0